Les Titres de Jul avec les initiales - Statistiques

Statistiques générales
  • Ce quiz a été pris 66 fois
  • Le résultat moyen est 3 sur 12
Statistiques - réponses
Initiales Titres % Correct
J'___ T__ J'oublie tout
59%
M_ J__ Ma Jolie
58%
A__ L_ D___ Avant la douane
44%
S__ L_ L__ Sous la lune
37%
D__ M_ P____ Dans ma paranoïa
29%
T__ E_ N____ Toto et Ninetta
29%
B__ O____ Bande Organisée
24%
P_ E_ P_, A___ E_ D__ Pic et Pic, Alcool et Drame
19%
A_ F__ B___ Air Force Blanche
14%
C__ L_ G__ D'_ Comme les gens d'ici
10%
C__ D_ P___ Coeur de Pirate
5%
T_ F__ L'__ Tu Fais l'idiot
3%
Aucun quiz correspondant
Distribution des résultats
% des personnes avec chaque résultat
Percentile par nombre de réponses
Votre historique - résultats
Vous n’avez pas pris ce quiz